| 000 | 01141cam a2200313 a 4500 | ||
|---|---|---|---|
| 001 | 14459123 | ||
| 003 | OSt | ||
| 005 | 20240116162738.0 | ||
| 008 | 060719s2008 mauab b 001 0 eng | ||
| 010 | _a 2006023787 | ||
| 020 | _a9780070658981 | ||
| 020 | _a0070658986 | ||
| 035 | _a(OCoLC)ocm70668830 | ||
| 035 | _a(OCoLC)70668830 | ||
| 040 |
_aDLC _cDLC _dBAKER _dDLC |
||
| 050 | 0 | 0 |
_aG70.212 _b.C4735 2008 |
| 082 | 0 | 0 |
_a910.285 _222 |
| 100 | 1 |
_aChang, Kang-Tsung. _96630 |
|
| 245 | 1 | 0 |
_aIntroduction to geographic information systems / _cKang-tsung Chang. |
| 250 | _a4th ed. | ||
| 260 |
_aBoston : _bMcGraw-Hill, _cc2008. |
||
| 300 |
_axiv, 450 p. : _bill., maps ; _c24 cm. |
||
| 504 | _aIncludes bibliographical references and index. | ||
| 650 | 0 |
_aGeographic information systems. _96117 |
|
| 856 | 4 | 1 |
_3Table of contents only _uhttp://www.loc.gov/catdir/toc/ecip0617/2006023787.html |
| 906 |
_a7 _bcbc _corignew _d1 _eecip _f20 _gy-gencatlg |
||
| 942 |
_2ddc _cBK _aSADA _k910.285 CHA 2007 |
||
| 999 |
_c607411 _d607411 |
||